000 00889nam a2200193 a 4500
008 120416s1986 ||||||||||||||||| || u
020 _a0074518275
050 _aTG 270 Pon
100 _aPonnuswamy, S
245 1 0 _aBridge engineering
260 _aNew Delhi
_bTata McGraw-Hill
_c1986
300 _axii ; 544p. ;ill.
350 _a0.00
650 _aBRIDGE--ENGINEERING
650 _aENGINEERING
995 _aBINDERY (DAMAGED)
_D0.00
_e732000
_FCBU-MAIN LIBRARY (Kitwe)
_H1
_I45.00
_jTG 270 Pon
_M1
_UDAMAGED
_WAug 14, 2006
_y44383
_ZMain Library Open Access Collection
995 _aMAIN LIBRARY OPEN ACCESS
_D0.00
_e731998
_FCBU-MAIN LIBRARY (Kitwe)
_H2
_I45.00
_jTG 270 Pon
_M2
_UAVAILABLE
_y44382
_ZMain Library Open Access Collection
995 _aBINDERY (DAMAGED)
_D0.00
_e731999
_FCBU-MAIN LIBRARY (Kitwe)
_H3
_I45.00
_jTG 270 Pon
_M3
_UDAMAGED
_WAug 15, 2006
_y44381
_ZMain Library Open Access Collection
999 _c84727
_d84727